LEADER 01200nam0 22003013i 450 001 CAG1868118 005 20170908093307.0 010 $a8804358211 100 $a20130711d1992 ||||0itac50 ba 101 | $aita 102 $ait 181 1$6z01$ai $bxxxe 182 1$6z01$an 200 1 $aProgramma di educazione sessuale$e3-6 anni$emaschi e femmine - il mio corpo - io e il mondo - come sono nato$fRoberta Giommi, Marcello Perrotta$gpresentato da Willy Pasini$gillustrazioni di Giulia Orecchia 210 $aMilano$cA. Mondadori$d1992 215 $a40 p.$cill.$d32 cm. 676 $a612.6$9RIPRODUZIONE, SVILUPPO, MATURAZIONE$v21 700 1$aGiommi$b, Roberta$3RAVV074845$4070$0482175 701 1$aPerrotta$b, Marcello$3RAVV074846$4070$0744954 702 1$aPasini$b, Willy$3CFIV023507 702 1$aOrecchia$b, Giulia$3RAVV003621 801 3$aIT$bIT-NA0079$c20130711 850 $aIT-BN0077 912 $aCAG1868118 950 0$aRIBAB - Biblioteca comunale S.Anselmo$c1 v.$d 45RAG 612 GIO /1$e 45 0000073275 B 1 v.$fD $h20130711$i20130711 977 $a 45 996 $aProgramma di educazione sessuale$91484925 997 $aUNISANNIO LEADER 02357nam0 22004573i 450 001 MIL0039557 005 20251003044219.0 100 $a19960123d1973 ||||0itac50 ba 101 | $aita 102 $ait 181 1$6z01$ai $bxxxe 182 1$6z01$an 183 1$6z01$anc$2RDAcarrier 200 1 $aPotere sindacale e ordinamento giuridico$ediritto di sciopero, consigli di fabbrica, forme della contrattazione$eatti del convegno di studi di diritto sindacale$eBologna, 10-11 luglio 1972$fa cura della Federazione lavoratori metalmeccanici (FIM-FIOM-UILM) 210 $aBari$cDe Donato$dstampa 1973 215 $a275 p.$d21 cm. 225 | $aMovimento operaio$v7 410 0$1001RAV0043321$12001 $aMovimento operaio$v7 500 10$aPotere sindacale e ordinamento giuridico$3VIA0409610$9MILV029503$92961478 606 $aDiritto sindacale$xCongressi$x1972$2FIR$3LO1C027673$9I 676 $a331.88$9SINDACATI$v21 676 $a331.89$9CONTRATTAZIONE COLLETTIVA E VERTENZE SINDACALI$v20 676 $a331.89$9CONTRATTAZIONE COLLETTIVA E VERTENZE SINDACALI$v21 676 $a331.890945$9CONTRATTAZIONE COLLETTIVA E VERTENZE SINDACALI. Italia$v23 676 $a344.01$9DIRITTO DEL LAVORO$v20 696 $aConvegni$aCongressi e convegni 699 $aCongressi$yConvegni 699 $aCongressi$yCongressi e convegni 710 12$aConvegno di studi di diritto sindacale$f <1972$e ; Bologna>$3MILV029503$4070$0495421 712 02$aFederazione lavoratori metalmeccanici$3CFIV072320 791 02$aFLM$3CFIV072321$zFederazione lavoratori metalmeccanici 801 3$aIT$bIT-000000$c19960123 850 $aIT-BN0095 $aIT-SA0252 $aIT-AV0007 $aIT-BN0015 901 $bNAP 83$cIAN $n$ 901 $bNAP AV$cSEZ. M $nSezione Moderna 901 $bNAP 01$cPOZZO LIB.$nVi sono collocati fondi di economia, periodici di ingegneria e scienze, periodici di economia e statistica e altri fondi comprendenti documenti di economia pervenuti in dono. 912 $aMIL0039557 950 0$aBiblioteca Centralizzata di Ateneo$c1 v.$d 01POZZO LIB.F. SANTI 67$e 0101 0060027965E VMA 1 v. (Precedente collocazione S 42)$fB $h20221104$i20221104 977 $a 01$a 83$a AV$a PB 996 $aPotere sindacale e ordinamento giuridico$92961478 997 $aUNISANNIO